Memoria : (Record no. 182889)
[ view plain ]
| 000 -LEADER | |
|---|---|
| campo de control de longitud fija | 00906nas a2200217 i 4500 |
| 001 - NÚMERO DE CONTROL | |
| campo de control | 182889 |
| 003 - IDENTIFICADOR DE NÚMERO DE CONTROL | |
| campo de control | ES-MaACL |
| 005 - FECHA Y HORA DE LA ÚLTIMA TRANSACCIÓN | |
| campo de control | 20250901214153.0 |
| 008 - DATOS DE LONGITUD FIJA--INFORMACIÓN GENERAL | |
| campo de control de longitud fija | 131126d19431978sp | | |spa d |
| 022 ## - NÚMERO INTERNACIONAL NORMALIZADO PARA PUBLICACIONES SERIADAS | |
| Número Internacional Normalizado para Publicaciones Seriadas | 2479-5380 |
| 080 ## - NÚMERO DE LA CLASIFICACIÓN DECIMAL UNIVERSAL | |
| Número de la Clasificación Decimal Universal | 334.788.4(460.224 Z.)(060.55) |
| 110 2# - ENTRADA PRINCIPAL--NOMBRE DE ENTIDAD CORPORATIVA | |
| Nombre de entidad corporativa o nombre de jurisdicción como elemento de entrada | Camara Oficial de Comercio e Industria de Zaragoza |
| 9 (RLIN) | 2388 |
| 245 10 - MENCIÓN DEL TÍTULO | |
| Título | Memoria : |
| Resto del título | trabajos realizados por la Cámara Oficial de Comercio e Industria de Zaragoza. |
| 260 ## - PUBLICACIÓN, DISTRIBUCIÓN, ETC. | |
| Lugar de publicación, distribución, etc. | Zaragoza : |
| Nombre del editor, distribuidor, etc. | [Cámara Oficial de Comercio y de la Industria de Zaragoza], |
| Fecha de publicación, distribución, etc. | [1943-1978] |
| 300 ## - DESCRIPCIÓN FÍSICA | |
| Extensión | 19 v. ; |
| Dimensiones | 20 cm. |
| 594 ## - Nota al título y mención de responsabilidad | |
| Nota al título y mención de responsabilidad | Precede al tít.: Suplemento al Boletín del mes de...; Suplemento al Boletín de la Cámara |
| 610 24 - PUNTO DE ACCESO ADICIONAL DE MATERIA--NOMBRE DE ENTIDAD CORPORATIVA | |
| Nombre de entidad corporativa o nombre de jurisdicción como elemento de entrada | Cámara Oficial de Comercio e Industria de Zaragoza- |
| Subdivisión de forma | Memorias. |
| 9 (RLIN) | 153891 |
| 852 4# - LOCALIZACIÓN | |
| Ubicación | ES-MaACL |
| Número de control de estantería | HEM-D-212 |
| 866 #0 - MENCIÓN TEXTUAL DE FONDOS--UNIDAD BIBLIOGRÁFICA BÁSICA | |
| Fondos | 1943, 1946, 1955, 1959, 1962, 1964-65, 1967-78. |
| Estatus retirado | Estado de pérdida | Estado de daño | No para préstamo | Colección | Biblioteca de origen | Biblioteca actual | Ubicación en estantería | Fecha de adquisición | Fuente de adquisición | Total de préstamos | Signatura topográfica completa | Código de barras | Visto por última vez | Precio de reemplazo | Tipo de ítem Koha |
|---|---|---|---|---|---|---|---|---|---|---|---|---|---|---|---|
| Periódicos y Revistas | Biblioteca del Ateneo de Madrid | Biblioteca del Ateneo de Madrid | Depósito 2 | 26/11/2013 | HEM-D-212 | 1192211 | 23/02/2023 | 23/02/2023 | Revista |
